00589nam a2200193Ia 4500008004100000020001500041082001500056100002000071245002200091250000700113260003700120300002300157500002300180600002000203650002000223942000700243952013000250999001500380240925s9999 xx 000 0 und d a9690012355 a363.73 HUS aHussain, Mumtaz 0aMaholiyati Alodgi aNA aRawalpindi:bFeeroz Sonsc,1995. a269p.b0fOriginal aIncludes Reference aSocial Sciences aSocial Sciences cBK 001040708SSaUITUbUITUd1995-05-29eRoyal Book Companyg200.00l0o363.73 HUSpQ0321r2024-09-25 07:12:03w2024-09-25yBK c2820d2820